[Event "Novokuznetsk-ch"]
[Site "Novokuznetsk"]
[Date "2014.12.07"]
[Round "7"]
[White "Martjushov, Vasily"]
[Black "Avdeev, Alexandr Nov"]
[Result "0-1"]
[WhiteElo "2032"]
[BlackElo "1936"]
[PlyCount "86"]
[EventDate "2014.11.16"]
[EventType "swiss"]
[EventRounds "9"]
[EventCountry "RUS"]
[SourceTitle "EXT 2016"]
[Source "ChessBase"]
[SourceDate "2015.10.08"]
[SourceVersion "1"]
[SourceVersionDate "2015.10.08"]
[SourceQuality "1"]

1. d4 Nf6 2. Bg5 c5 3. d5 Ne4 4. Bd2 Qb6 5. Qc1 g6 6. c4 Bg7 7. Nc3 Nxd2 8. Qxd2 0-0 9. Nf3 d6 10. e3 Bg4 11. Be2 Nd7 12. h3 Bxf3 13. gxf3 Qa5 14. Nd1 Qxd2+ 15. Kxd2 e6 16. dxe6 fxe6 17. Nc3 a6 18. Kc2 Ne5 19. f4 Nc6 20. Rad1 Rad8 21. Ne4 e5 22. fxe5 Bxe5 23. Rhf1 Rfe8 24. Bf3 b5 25. cxb5 axb5 26. Nf6+ Bxf6 27. Bxc6 Re5 28. Bxb5 Rh5 29. Bc4+ d5 30. Rd2 dxc4 31. Rxd8+ Bxd8 32. Kc3 Rh4 33. f4 Rxh3 34. Kxc4 Rxe3 35. a4 Re4+ 36. Kxc5 Rxa4 37. Re1 Kf7 38. Rf1 Be7+ 39. Kd5 Rb4 40. Rf2 h5 41. f5 g5 42. f6 Bxf6 43. Kc5 Rxb2 0-1

[Event "Novokuznetsk-ch"]
[Site "Novokuznetsk"]
[Date "2014.12.06"]
[Round "6"]
[White "Avdeev, Alexandr Nov"]
[Black "Stepikov, Pavel"]
[Result "1-0"]
[WhiteElo "1936"]
[BlackElo "1695"]
[PlyCount "93"]
[EventDate "2014.11.16"]
[EventType "swiss"]
[EventRounds "9"]
[EventCountry "RUS"]
[SourceTitle "EXT 2016"]
[Source "ChessBase"]
[SourceDate "2015.10.08"]
[SourceVersion "1"]
[SourceVersionDate "2015.10.08"]
[SourceQuality "1"]

1. e4 g6 2. Bc4 Nf6 3. e5 d5 4. Bb3 Nfd7 5. d4 Nb6 6. Nd2 Bg7 7. Qf3 Be6 8. Ne2 Nc6 9. c3 h5 10. Nf4 Bg4 11. Qg3 e6 12. Nf1 Bf5 13. Ne3 h4 14. Qf3 Be4 15. Qe2 h3 16. f3 hxg2 17. Qxg2 Qh4+ 18. Ke2 g5 19. Nxe6 fxe6 20. fxe4 Qh5+ 21. Qg4 0-0-0 22. Qxh5 Rxh5 23. exd5 Nxd5 24. Bxd5 exd5 25. Nf5 Rg8 26. Be3 Kd7 27. Raf1 Bf8 28. Rf2 Rgh8 29. Ng3 Rh3 30. Bxg5 Rxg3 31. hxg3 Rxh1 32. Rxf8 Rb1 33. b4 Rb2+ 34. Ke3 Rxa2 35. b5 Na5 36. Rf7+ Ke6 37. Rf6+ Kd7 38. Kf4 Nc4 39. Kf5 Rf2+ 40. Kg6 Re2 41. Rf7+ Kc8 42. Kf6 a5 43. e6 c6 44. Bf4 b6 45. bxc6 Nd6 46. Bxd6 Rf2+ 47. Bf4 1-0

[Event "Novokuznetsk-ch"]
[Site "Novokuznetsk"]
[Date "2013.12.14"]
[Round "8"]
[White "Avdeev, Alexandr Nov"]
[Black "Bureev, Danila"]
[Result "0-1"]
[WhiteElo "1954"]
[BlackElo "2002"]
[PlyCount "82"]
[EventDate "2013.11.17"]
[EventType "swiss"]
[EventRounds "9"]
[EventCountry "RUS"]
[SourceTitle "EXT 2015"]
[Source "ChessBase"]
[SourceDate "2014.11.20"]
[SourceVersion "1"]
[SourceVersionDate "2014.11.20"]
[SourceQuality "1"]

1. c4 d5 2. cxd5 Nf6 3. Nc3 Nxd5 4. d4 g6 5. e4 Nxc3 6. bxc3 c5 7. Bb5+ Nc6 8. Ne2 Bg7 9. 0-0 0-0 10. Be3 Qa5 11. Qb3 a6 12. Bxc6 bxc6 13. dxc5 Be6 14. Qc2 Bc4 15. Bd4 e5 16. Be3 Rfd8 17. Rfc1 Bd3 18. Qb2 Rab8 19. Qd2 Bxe4 20. Qe1 f5 21. f3 Bd3 22. Bg5 Qxc5+ 23. Kh1 Rd5 24. Ng3 h6 25. Be3 Qc4 26. Nf1 Bxf1 27. Qxf1 Qxf1+ 28. Rxf1 Rd3 29. Rfe1 Rxc3 30. Rac1 Ra3 31. Re2 Rb5 32. h4 Ra4 33. g3 f4 34. Bf2 Rba5 35. Rd2 Rxa2 36. Rd8+ Kh7 37. Kg1 R5a3 38. Rxc6 Rxf3 39. Rd7 fxg3 40. Bxg3 Rxg3+ 41. Kh1 Rb3 0-1

[Event "Novokuznetsk-ch"]
[Site "Novokuznetsk"]
[Date "2013.11.30"]
[Round "4"]
[White "Moskvin, Maksim"]
[Black "Avdeev, Alexandr Nov"]
[Result "1-0"]
[WhiteElo "1746"]
[BlackElo "1954"]
[PlyCount "81"]
[EventDate "2013.11.17"]
[EventType "swiss"]
[EventRounds "9"]
[EventCountry "RUS"]
[SourceTitle "EXT 2015"]
[Source "ChessBase"]
[SourceDate "2014.11.20"]
[SourceVersion "1"]
[SourceVersionDate "2014.11.20"]
[SourceQuality "1"]

1. e4 e5 2. Nf3 Nc6 3. Bb5 a6 4. Ba4 Nf6 5. 0-0 Be7 6. Re1 b5 7. Bb3 0-0 8. c3 d5 9. exd5 Nxd5 10. Nxe5 Nxe5 11. Rxe5 c6 12. d4 Bd6 13. Rh5 g6 14. Rg5 h6 15. Rxd5 cxd5 16. g3 Bh3 17. Bxd5 Bxg3 18. Qf3 Bc7 19. Bxa8 Qxa8 20. Qxh3 Re8 21. Be3 Bf4 22. Nd2 Bxe3 23. fxe3 Qd8 24. Kf2 Kh7 25. Rg1 f5 26. Nf3 Qf6 27. Qh4 Qg7 28. Qf4 Re4 29. Qd6 g5 30. Qxa6 Qe7 31. Ne5 Rxe5 32. dxe5 Qxe5 33. Qb7+ Kg6 34. Qc6+ Kg7 35. Qd7+ Kg6 36. Rg2 f4 37. Qd3+ Kf7 38. Qh7+ Ke8 39. exf4 Qxf4+ 40. Ke2 b4 41. Qd3 1-0

[Event "Novokuznetsk-ch"]
[Site "Novokuznetsk"]
[Date "2013.11.17"]
[Round "1"]
[White "Chernov, Mikhail"]
[Black "Avdeev, Alexandr Nov"]
[Result "1-0"]
[WhiteElo "2219"]
[BlackElo "1954"]
[PlyCount "79"]
[EventDate "2013.11.17"]
[EventType "swiss"]
[EventRounds "9"]
[EventCountry "RUS"]
[SourceTitle "EXT 2015"]
[Source "ChessBase"]
[SourceDate "2014.11.20"]
[SourceVersion "1"]
[SourceVersionDate "2014.11.20"]
[SourceQuality "1"]

1. e4 e5 2. Nf3 Nc6 3. Bc4 Nf6 4. Ng5 d5 5. exd5 Na5 6. Bb5+ c6 7. dxc6 bxc6 8. Be2 h6 9. Nh3 Bd6 10. d3 0-0 11. Nc3 Qe7 12. 0-0 Rb8 13. Kh1 c5 14. Ng1 Nc6 15. Nf3 Nd4 16. Nxd4 exd4 17. Nb1 Nd5 18. Bf3 Bb7 19. Nd2 f5 20. Nc4 Bc7 21. Bd2 Qh4 22. g3 Qh3 23. Bg2 Nf6 24. f3 Qh5 25. Kg1 f4 26. g4 Qg5 27. b4 Bd5 28. a3 Rfe8 29. c3 Bxc4 30. dxc4 d3 31. Be1 Rbd8 32. Bf2 Re3 33. Ra2 Qe5 34. Qc1 Qe6 35. Rb2 Qxc4 36. Bxe3 fxe3 37. Qxe3 cxb4 38. Rxb4 Bb6 39. Qxb6 axb6 40. Rxc4 1-0

[Event "Novokuznetsk-ch"]
[Site "Novokuznetsk"]
[Date "2012.12.15"]
[Round "8"]
[White "Fayzullin, Ruslan"]
[Black "Avdeev, Alexandr Nov"]
[Result "1-0"]
[WhiteElo "1909"]
[BlackElo "1997"]
[PlyCount "135"]
[EventDate "2012.11.18"]
[EventType "swiss"]
[EventRounds "9"]
[EventCountry "RUS"]
[SourceTitle "EXT 2014"]
[Source "ChessBase"]
[SourceDate "2013.11.20"]
[SourceVersion "1"]
[SourceVersionDate "2013.11.20"]
[SourceQuality "1"]

1. e4 e5 2. Nf3 Nc6 3. Bb5 a6 4. Ba4 Nf6 5. 0-0 b5 6. Bb3 Be7 7. Re1 0-0 8. c3 d5 9. exd5 Nxd5 10. Nxe5 Nxe5 11. Rxe5 c6 12. d4 Bd6 13. Re1 Qh4 14. g3 Qh3 15. Qf3 Bg4 16. Qg2 Qh5 17. Be3 Rae8 18. Nd2 Re6 19. Bd1 Bxd1 20. Raxd1 Rfe8 21. Nf1 f5 22. Bd2 Rxe1 23. Rxe1 Rxe1 24. Bxe1 Qe2 25. Bd2 f4 26. f3 Qe6 27. Qf2 h5 28. Qe1 Qg6 29. Qe4 Qf7 30. b3 c5 31. c4 bxc4 32. bxc4 Nf6 33. Qa8+ Kh7 34. Qxa6 Qc7 35. Ba5 Qe7 36. Bb6 fxg3 37. hxg3 Qe1 38. Qa5 Qxa5 39. Bxa5 cxd4 40. Bb6 d3 41. Kf2 Nd7 42. Bd4 g5 43. Ke3 d2 44. Kxd2 Kg6 45. a4 h4 46. gxh4 gxh4 47. a5 Nc5 48. Ke2 Nb3 49. Bc3 h3 50. a6 Bb8 51. Bb4 Ba7 52. Be1 Nd4+ 53. Kd3 Nxf3 54. Bg3 Kf5 55. Ne3+ Ke6 56. Ng4 Kd7 57. Ke4 h2 58. Nxh2 Nxh2 59. Bxh2 Kc6 60. Bf4 Kc5 61. Kd3 Kb6 62. Be3+ Kxa6 63. Bxa7 Kxa7 64. Kd4 Kb7 65. Kd5 Kc7 66. Kc5 Kd7 67. Kb6 Kc8 68. Kc6 1-0

[Event "Novokuznetsk-ch"]
[Site "Novokuznetsk"]
[Date "2012.11.24"]
[Round "2"]
[White "Abramov, Gennady Nik"]
[Black "Avdeev, Alexandr Nov"]
[Result "1-0"]
[WhiteElo "1756"]
[BlackElo "1997"]
[PlyCount "93"]
[EventDate "2012.11.18"]
[EventType "swiss"]
[EventRounds "9"]
[EventCountry "RUS"]
[SourceTitle "EXT 2014"]
[Source "ChessBase"]
[SourceDate "2013.11.20"]
[SourceVersion "1"]
[SourceVersionDate "2013.11.20"]
[SourceQuality "1"]

1. d4 Nf6 2. c4 e6 3. Nc3 Bb4 4. Bd2 c5 5. dxc5 Bxc5 6. e3 Nc6 7. a3 a5 8. Be2 d5 9. cxd5 exd5 10. Nf3 0-0 11. 0-0 Bg4 12. h3 Bh5 13. Rc1 Bb6 14. Nb5 Re8 15. Bc3 Ne4 16. Nfd4 Bxe2 17. Qxe2 Nxc3 18. bxc3 Ne5 19. a4 g6 20. Rfd1 Rc8 21. Nf3 Rc4 22. Nxe5 Rxe5 23. Qxc4 dxc4 24. Rxd8+ Bxd8 25. Nd6 Bf6 26. Nxb7 Rd5 27. Kf1 Bd8 28. Ke2 Bb6 29. Rb1 Ba7 30. Rb5 Rd3 31. Rxa5 Bb6 32. Rb5 Ba7 33. Rb3 Rd5 34. Ra3 Kf8 35. a5 Ke7 36. Ra4 Rb5 37. Rb4 Rg5 38. g3 Ke6 39. Rxc4 Kd5 40. Rf4 h5 41. Rxf7 Kc4 42. Nd6+ Kd5 43. Rxa7 Kxd6 44. a6 Ra5 45. Rg7 g5 46. a7 Kc6 47. Rxg5 1-0

[Event "Novokuznetsk-ch"]
[Site "Novokuznetsk"]
[Date "2011.??.??"]
[Round "8"]
[White "Avdeev, Alexandr Nov"]
[Black "Lazarenko, Evgeniy"]
[Result "0-1"]
[WhiteElo "1979"]
[BlackElo "1986"]
[PlyCount "74"]
[EventDate "2011.11.19"]
[EventType "swiss"]
[EventRounds "9"]
[EventCountry "RUS"]
[SourceTitle "EXT 2013"]
[Source "ChessBase"]
[SourceDate "2012.11.22"]
[SourceVersion "1"]
[SourceVersionDate "2012.11.22"]
[SourceQuality "1"]

1. c4 c5 2. Nc3 e6 3. g3 d5 4. Bg2 Nf6 5. e4 d4 6. e5 dxc3 7. exf6 cxd2+ 8. Bxd2 gxf6 9. Ne2 Nc6 10. 0-0 Bd7 11. Bc3 Be7 12. Nf4 Qc7 13. Nh5 Ne5 14. Ng7+ Kf8 15. Nh5 Rd8 16. Qc1 h6 17. Bd2 Bc6 18. Bxh6+ Ke8 19. f3 Rd4 20. Ng7+ Kd8 21. Be3 Rxc4 22. Qd2+ Kc8 23. Qe2 Bb5 24. Rfd1 Rxh2 25. f4 Rb4 26. Qc2 Nf3+ 27. Kf2 Qc6 28. Rg1 Bd3 29. Qxd3 Nxg1 30. Rxg1 Rxb2+ 31. Bd2 c4 32. Qc3 Bc5+ 33. Kf1 Rb1+ 34. Bc1 Qd6 35. Ke2 Bxg1 36. Qxc4+ Kb8 37. Kf3 Qd1+ 0-1

[Event "Novokuznetsk-ch op"]
[Site "Novokuznetsk"]
[Date "2009.12.06"]
[Round "7"]
[White "Avdeev, Alexandr Nov"]
[Black "Denisova, Natalia"]
[Result "1-0"]
[WhiteElo "1998"]
[BlackElo "2025"]
[PlyCount "59"]
[EventDate "2009.11.21"]
[EventType "swiss"]
[EventRounds "9"]
[EventCountry "RUS"]
[SourceTitle "EXT 2011"]
[Source "ChessBase"]
[SourceDate "2010.11.26"]
[SourceVersion "1"]
[SourceVersionDate "2010.11.26"]
[SourceQuality "1"]

1. c4 e5 2. Nc3 Nc6 3. Nf3 f5 4. d4 e4 5. d5 Nce7 6. Nd4 d6 7. e3 Nf6 8. Be2 Ng6 9. 0-0 Be7 10. f3 exf3 11. Bxf3 Ne5 12. b3 0-0 13. Ne6 Bxe6 14. dxe6 Qc8 15. Nd5 Re8 16. Bb2 c6 17. Nxe7+ Rxe7 18. Qxd6 Rxe6 19. Qd2 Qe8 20. Rad1 Neg4 21. Bxg4 Nxg4 22. Qd4 Qg6 23. Rf3 Rae8 24. Bc1 b6 25. h3 Re4 26. Qc3 Ne5 27. Rf2 Rh4 28. Rdf1 Rxh3 29. Rxf5 Qg3 30. Qxe5 1-0

[Event "Novokuznetsk-ch op"]
[Site "Novokuznetsk"]
[Date "2007.11.24"]
[Round "5"]
[White "Morokov, Anatoliy"]
[Black "Avdeev, Alexandr Nov"]
[Result "0-1"]
[WhiteElo "1806"]
[BlackElo "1974"]
[PlyCount "56"]
[EventDate "2007.11.24"]
[EventType "swiss"]
[EventRounds "9"]
[EventCountry "RUS"]
[SourceTitle "EXT 2022"]
[Source "ChessBase"]
[SourceDate "2021.10.06"]
[SourceVersion "1"]
[SourceVersionDate "2021.10.06"]
[SourceQuality "1"]

1. e4 c5 2. a4 Nc6 3. Ra3 Nf6 4. f3 e6 5. g4 d5 6. g5 Nh5 7. Nh3 Bd6 8. exd5 exd5 9. Re3+ Be6 10. Qe2 Nd4 11. Qd3 0-0 12. Rxe6 Nxe6 13. Nc3 Nhf4 14. Qf5 Nd4 15. Qg4 Re8+ 16. Kd1 Qe7 17. Bb5 Nxb5 18. axb5 Nxh3 19. Qxh3 Qxg5 20. Qd7 Rad8 21. Qxb7 Qg2 22. Re1 Rxe1+ 23. Kxe1 Re8+ 24. Ne4 dxe4 25. Qc6 Qg1+ 26. Ke2 exf3+ 27. Kxf3 Qf1+ 28. Kg4 Qf4+ 0-1

[Event "Novokuznetsk-ch op"]
[Site "Novokuznetsk"]
[Date "2007.11.24"]
[Round "7"]
[White "Pantykin, Nikolai"]
[Black "Avdeev, Alexandr Nov"]
[Result "0-1"]
[WhiteElo "2197"]
[BlackElo "1974"]
[PlyCount "64"]
[EventDate "2007.11.24"]
[EventType "swiss"]
[EventRounds "9"]
[EventCountry "RUS"]
[SourceTitle "EXT 2022"]
[Source "ChessBase"]
[SourceDate "2021.10.06"]
[SourceVersion "1"]
[SourceVersionDate "2021.10.06"]
[SourceQuality "1"]

1. e4 e5 2. Nc3 Nf6 3. g3 Bc5 4. Bg2 d6 5. h3 Nc6 6. d3 Be6 7. Nf3 h6 8. 0-0 Qd7 9. Kh2 g5 10. Na4 0-0-0 11. Nxc5 dxc5 12. Be3 g4 13. Ng1 gxh3 14. Bxh3 Bxh3 15. Nxh3 Ng4+ 16. Kg2 b6 17. Qe2 h5 18. f3 Nxe3+ 19. Qxe3 Rdg8 20. Rh1 Nd4 21. Qf2 f5 22. f4 h4 23. Ng5 hxg3 24. Rxh8 Rxh8 25. Kxg3 exf4+ 26. Kxf4 Qd6+ 27. e5 Qh6 28. Qg2 Ne6+ 29. Ke3 Nxg5 30. Qa8+ Kd7 31. Qd5+ Ke7 32. Kd2 Ne4+ 0-1